Christmas Decorations Quiz Stats

 Plays Quiz Updated Dec 24, 2018

Support Sporcle.
Go Orange.
Score 0/25 Timer 03:00
9 Plays Today
% Correct
Christmas Tree
93.8%
Santa Claus
93.6%
Reindeer
93.6%
Pine Cone
93.4%
Snowglobe
93.4%
Gingerbread House
93.4%
Snowflake
93.4%
Stocking
93.4%
Nativity Scene
93.3%
Angel
93.2%
Nutcracker
92.7%
Bow
92.6%
Christmas Lights
92.3%
% Correct
Candy Cane
92.1%
Present
91.5%
Star Tree-Topper
91%
Bells
90.7%
Holly
89.4%
Advent Wreath
89.3%
Poinsettia
88.9%
Garland
86.5%
Bauble
86%
Cracker
83.9%
Mistletoe
81.4%
Candle
77%

You're not logged in!

Compare scores with friends on all Sporcle quizzes.
OR
Log In
Forgot?

From the Vault

Countries by Former Flags

by zaphenath

We like some of these former flags better than their current counterparts. They have an old-timey feel to them.
Remove Ads.
Support Sporcle.
Get the best of Sporcle when you Go Orange. This ad-free experience offers more features, more stats, and more fun while also helping to support Sporcle. Thank you for becoming a member.

Show Comments

Extras

Top Quizzes Today


Score Distribution

Your Account Isn't Verified!

In order to create a playlist on Sporcle, you need to verify the email address you used during registration. Go to your Sporcle Settings to finish the process.

Report this User

Report this user for behavior that violates our Community Guidelines.

Details: